000
00274nam a2200109Ia 4500
008
190914s9999||||xx |||||||||||||| ||und||
100
_a
Vanessa Jakeman
245
0
_a
Insight in to IELTS Extra with Answers
260
_a
India
_b
Cambridge
_c
1995
300
_a
604
942
_c
BK
999
_c
8774
_d
8774